MARC

LEADER 00000nam0a2200000 4500
001 134124
005 20231031135554.0
035 |a (RuTPU)RU\TPU\book\145374 
090 |a 134124 
100 |a 20080326d1969 m y0rusy50 ca 
101 0 |a rus 
102 |a RU 
105 |a a j 001zy 
200 1 |a Технические измерения  |e альбом  |e учебное пособие  |f В. И. Берков 
210 |a Москва  |c Высшая школа  |d 1969 
215 |a 272 с.  |c ил. 
320 |a Библиогр.: с. 269. 
610 1 |a технические измерения 
610 1 |a учебные пособия 
610 1 |a штангенинструменты 
610 1 |a микрометрические инструменты 
610 1 |a калибры 
610 1 |a шаблоны 
610 1 |a длина 
610 1 |a плоскопараллельные концевые меры 
610 1 |a углы 
610 1 |a конусы 
610 1 |a контроль 
610 1 |a рычажно-механические приборы 
610 1 |a резьба 
610 1 |a зубчатые колеса 
610 1 |a шлицевые сопряжения 
675 |a 621(075.32)(084)  |v 3 
675 |a 531.7(075.32)(084)  |v 3 
700 1 |a Берков  |b В. И.  |g Виктор Ильич 
801 1 |a RU  |b 63413507  |c 20080326  |g PSBO 
801 2 |a RU  |b 63413507  |c 20221109  |g PSBO 
900 |a Технические измерения и приборы 
942 |c BK